header

Aquaeductu urbis Romae (Record no. 77569)

MARC details
000 -LEADER
fixed length control field 01579nam a2200373Ia 4500
100 1# - MAIN ENTRY--AUTHOR NAME
Personal name Frontinus, Sextus Julius.
245 10 - TITLE STATEMENT
Title Aquaeductu urbis Romae
260 ## - PUBLICATION, DISTRIBUTION, ETC. (IMPRINT)
Place of publication Cambridge ;
-- New York :
Name of publisher Cambridge University Press,
Year of publication 2004.
300 ## - PHYSICAL DESCRIPTION
Number of Pages xv, 431 p. :
Other physical details maps.
490 1# - SERIES STATEMENT
Series statement Cambridge classical texts and commentaries ;
650 #0 - SUBJECT ADDED ENTRY--TOPICAL TERM
Topical Term Water-supply
Topical Term Aqueducts
Topical Term Water-supply
Topical Term Aqueducts
700 1# - ADDED ENTRY--PERSONAL NAME
Personal name Rodgers, Robert H.
856 40 - ELECTRONIC LOCATION AND ACCESS
Uniform Resource Identifier http://site.ebrary.com/lib/rucke/Doc?id=10130463

No items available.

© 2026 Rongo University
Contact us: librarian | system librarian | Rongo university